Galería de americanos ilustres / (Record no. 161333)

MARC details
000 -LEADER
campo de control de longitud fija 00909nam a2200205 i 4500
001 - NÚMERO DE CONTROL
campo de control 161333
003 - IDENTIFICADOR DE NÚMERO DE CONTROL
campo de control ES-MaACL
005 - FECHA Y HORA DE LA ÚLTIMA TRANSACCIÓN
campo de control 20230906212249.0
008 - DATOS DE LONGITUD FIJA--INFORMACIÓN GENERAL
campo de control de longitud fija 931025s1883 sp |||| | spa d
040 ## - FUENTE DE CATALOGACIÓN
Centro catalogador/agencia de origen AS
Lengua de catalogación spa
Centro/agencia transcriptor PAB
100 1# - ENTRADA PRINCIPAL--NOMBRE DE PERSONA
Nombre de persona Pando y Valle, Jesús.
9 (RLIN) 88758
245 10 - MENCIÓN DEL TÍTULO
Título Galería de americanos ilustres /
Mención de responsabilidad, etc. por Jesús Pando y Valle.
260 ## - PUBLICACIÓN, DISTRIBUCIÓN, ETC.
Lugar de publicación, distribución, etc. Madrid :
Nombre del editor, distribuidor, etc. [s.n.],
Fecha de publicación, distribución, etc. 1883 (
Fabricante Imprenta de R. Moreno y R. Rojas)
300 ## - DESCRIPCIÓN FÍSICA
Extensión 47 p. :
Otras características físicas 1 retr. ;
Dimensiones 21 cm.
530 ## - NOTA DISPONIBLE DE FORMULARIO FÍSICO ADICIONAL
Nota de formato físico adicional disponible Disponible también en sitio web.
594 ## - Nota al título y mención de responsabilidad
Nota al título y mención de responsabilidad Precede al tít.: "Regalo a los suscriptores de "Los dos mundos""
700 1# - ENTRADA AGREGADA--NOMBRE PERSONAL
Nombre de persona Balmaseda, Francisco Javier (
Fechas asociadas al nombre 1833-1907)
9 (RLIN) 25095
852 ## - LOCALIZACIÓN
Ubicación ES-MaACL
Número de control de estantería T-425-F-6
Nota libre -- Enc. hol.
condición física -- Falto de la cub. original
Nota libre -- Enc. en un vol. facticio
856 ## - LOCALIZACIÓN Y ACCESO ELECTRÓNICOS
Identificador Uniforme de Recursos <a href="http://bibliotecadigitalhispanica.bne.es:80/webclient/DeliveryManager?pid=1885939&custom_att_2=simple_viewer">http://bibliotecadigitalhispanica.bne.es:80/webclient/DeliveryManager?pid=1885939&custom_att_2=simple_viewer</a>
Nota pública Ir a la página
Holdings
Estatus retirado Estado de pérdida Estado de daño No para préstamo Colección Biblioteca de origen Biblioteca actual Ubicación en estantería Fecha de adquisición Total de préstamos Signatura topográfica completa Código de barras Visto por última vez Precio de reemplazo Tipo de ítem Koha
        Colección de folletos Biblioteca del Ateneo de Madrid Biblioteca del Ateneo de Madrid Depósito folletos 17/01/2008   T-425-F-6 1168985 23/02/2023 23/02/2023 Folleto